[Event "6th EUR-ch (w)"]
[Site "Chisinau MDA"]
[Date "2005.06.13"]
[Round "3"]
[White "Socko, Monika"]
[Black "Muzychuk, Maria"]
[Result "1/2-1/2"]
[WhiteElo "2464"]
[BlackElo "2059"]
[EventDate "2005.06.10"]
[PlyCount "212"]

1.d4 f5 2.c4 Nf6 3.g3 g6 4.Bg2 Bg7 5.Nh3 Nc6 6.Nc3 O-O 7.O-O e6 8.d5 Ne5 
9.b3 Qe7 10.a4 exd5 11.cxd5 d6 12.Be3 Bd7 13.Qd2 Neg4 14.Bd4 c5 15.dxc6 
bxc6 16.Rad1 d5 17.f3 Ne5 18.Nf2 Rfe8 19.Rfe1 a5 20.e4 fxe4 21.fxe4 dxe4 
22.Bxe5 Qxe5 23.Ncxe4 Nd5 24.Nc5 Qd6 25.Nxd7 Rxe1+ 26.Qxe1 Qxd7 27.Qd2 Qe6
28.Bxd5 cxd5 29.Qxd5 Qxd5 30.Rxd5 Bc3 31.Ne4 Bb4 32.Rd7 Rf8 33.Kg2 Rf7 34.
Rd5 Rc7 35.h4 Kg7 36.Kf3 Rf7+ 37.Ke3 Re7 38.Kd3 h6 39.Nd6 Re1 40.Ne4 Rd1+ 
41.Kc4 Rxd5 42.Kxd5 Kf7 43.Ke5 Be1 44.Kd6 Bb4+ 45.Kd5 Ke7 46.g4 Be1 47.h5 
gxh5 48.gxh5 Bb4 49.Ke5 Ba3 50.Kf5 Kf7 51.Nd2 Bb4 52.Nc4 Bc3 53.Ne5+ Ke7 
54.Nc4 Kf7 55.Ne3 Bd2 56.Ng4 Ke7 57.Ke5 Bc3+ 58.Kd5 Bd2 59.Nf2 Be1 60.Nd3 
Bc3 61.Kc4 Bd2 62.Nc5 Bc1 63.Nd3 Bd2 64.b4 axb4 65.a5 b3 66.a6 Be3 67.Kxb3
Kd6 68.Kc4 Ba7 69.Nb4 Bg1 70.Kb5 Kc7 71.Nc6 Be3 72.Ne7 Kb8 73.Nf5 Bc1 74.
Kb6 Ka8 75.Ne7 Be3+ 76.Kb5 Kb8 77.Nc6+ Kc7 78.Nb4 Kb8 79.Nd5 Bf2 80.Ne7 
Be3 81.Ng6 Bf2 82.Nf4 Be3 83.Nd5 Bg1 84.Ka5 Bc5 85.Nf6 Be3 86.Kb5 Bc1 87.
Nd7+ Ka7 88.Ne5 Kb8 89.Nc6+ Kc7 90.Kc5 Be3+ 91.Kb5 Bc1 92.Kc5 Be3+ 93.Kd5 
Kb6 94.a7 Kb7 95.Ke4 Bc1 96.Kf5 Bd2 97.Kg6 Bc1 98.Kg7 Bd2 99.Kh7 Bc1 100.
Kg6 Bd2 101.Nd8+ Kxa7 102.Nf7 Kb7 103.Nxh6 Kc7 104.Nf7 Kd7 105.Ng5 Bxg5 
106.Kxg5 Ke8 1/2-1/2

[Event "6th EUR-ch (w)"]
[Site "Chisinau MDA"]
[Date "2005.06.13"]
[Round "3"]
[White "Kosintseva, Nadezhda"]
[Black "Celuskina, Irina"]
[Result "1/2-1/2"]
[WhiteElo "2459"]
[BlackElo "2369"]
[EventDate "2005.06.10"]
[PlyCount "65"]

1.e4 c5 2.Nf3 Nc6 3.d4 cxd4 4.Nxd4 Nf6 5.Nc3 d6 6.Bc4 e5 7.Nf5 Be6 8.Bb3 
Qd7 9.Bg5 Bxf5 10.exf5 Qxf5 11.Bxf6 Qxf6 12.O-O h5 13.f4 O-O-O 14.Nd5 Qg6 
15.c3 f5 16.a4 h4 17.a5 h3 18.g3 a6 19.Bc4 exf4 20.Nxf4 Qe8 21.Bd5 Qe3+ 
22.Kh1 g5 23.Ne6 Be7 24.Qa4 Ne5 25.Rae1 Qd3 26.Rd1 Qb5 27.Qxb5 axb5 28.
Nxd8 Rxd8 29.Be6+ Kc7 30.Bd7 Kxd7 31.Rd2 g4 32.Rfd1 Bf6 33.b3 1/2-1/2

[Event "6th EUR-ch (w)"]
[Site "Chisinau MDA"]
[Date "2005.06.13"]
[Round "3"]
[White "Ciuksyte, Dagne"]
[Black "Radziewicz, Iweta"]
[Result "1/2-1/2"]
[WhiteElo "2356"]
[BlackElo "2457"]
[EventDate "2005.06.10"]
[PlyCount "58"]

1.e4 c5 2.Nf3 d6 3.d4 cxd4 4.Nxd4 Nf6 5.Nc3 g6 6.Be3 Bg7 7.f3 O-O 8.Qd2 
Nc6 9.O-O-O Bd7 10.g4 Rc8 11.h4 Ne5 12.h5 b5 13.Nd5 e6 14.Nxf6+ Qxf6 15.g5
Qe7 16.f4 Ng4 17.Bg1 e5 18.Nxb5 exf4 19.Nxd6 Ba4 20.Bc4 Rxc4 21.Nxc4 Qxe4 
22.Bc5 Qxc4 23.Bxf8 Bxf8 24.hxg6 fxg6 25.b3 Qf7 26.Qd4 Bb5 27.Rh4 Be2 28.
Re1 f3 29.Qxg4 Qd5 1/2-1/2

[Event "6th EUR-ch (w)"]
[Site "Chisinau MDA"]
[Date "2005.06.13"]
[Round "3"]
[White "Skripchenko, Almira"]
[Black "Pogonina, Natalia"]
[Result "1/2-1/2"]
[WhiteElo "2453"]
[BlackElo "2355"]
[EventDate "2005.06.10"]
[PlyCount "43"]

1.e4 c5 2.c3 g6 3.d4 cxd4 4.cxd4 d5 5.e5 a6 6.Nc3 Nc6 7.h3 Bg7 8.f4 f6 9.
Nf3 Nh6 10.g4 Nf7 11.Be2 O-O 12.Qb3 e6 13.h4 fxe5 14.fxe5 Qc7 15.Be3 b5 
16.Nd1 Bb7 17.Rh3 Qa5+ 18.Bd2 Qb6 19.Be3 Qa5+ 20.Bd2 Qb6 21.Be3 Qa5+ 22.
Bd2 1/2-1/2

[Event "6th EUR-ch (w)"]
[Site "Chisinau MDA"]
[Date "2005.06.13"]
[Round "3"]
[White "Zdebskaya, Natalia"]
[Black "Arakhamia-Grant, Ketevan"]
[Result "1/2-1/2"]
[WhiteElo "2344"]
[BlackElo "2452"]
[EventDate "2005.06.10"]
[PlyCount "119"]

1.e4 c5 2.Nf3 Nc6 3.d4 cxd4 4.Nxd4 Qb6 5.Nb3 Nf6 6.Nc3 e6 7.g3 a6 8.Bg2 d6
9.O-O Be7 10.a4 O-O 11.a5 Qc7 12.f4 b5 13.axb6 Qxb6+ 14.Kh1 Bb7 15.Qe2 Qc7
16.Be3 Nd7 17.Qf2 Bf6 18.Na4 Rab8 19.g4 g6 20.g5 Bg7 21.Rfd1 Ne7 22.Nc3 
Rfd8 23.Rd3 Nc6 24.Rad1 Bf8 25.Ne2 Rbc8 26.c3 a5 27.R3d2 a4 28.Nbd4 Nxd4 
29.Rxd4 Nc5 30.f5 e5 31.Rb4 d5 32.fxg6 hxg6 33.exd5 e4 34.Bd4 Rxd5 35.Qf6 
Rxd4 36.Rbxd4 Bg7 37.Rd8+ Kh7 38.Rxc8 Bxc8 39.Qf2 Bb7 40.Nf4 Kg8 41.Nd5 
Bxd5 42.Rxd5 Nd3 43.Qe3 Nxb2 44.Qxe4 Qxc3 45.Bf3 a3 46.Rd8+ Bf8 47.Qa8 
Qc1+ 48.Bd1 Qc5 49.Bb3 Qc1+ 50.Bd1 Qc5 51.Bb3 Qc1+ 52.Bd1 Qc3 53.Bb3 Qc1+ 
54.Bd1 Qc3 55.Bb3 Qc1+ 56.Bd1 Qc3 57.Bb3 Qc1+ 58.Bd1 Qc3 59.Bb3 Qc1+ 60.
Bd1 1/2-1/2

[Event "6th EUR-ch (w)"]
[Site "Chisinau MDA"]
[Date "2005.06.13"]
[Round "3"]
[White "Kachiani-Gersinska, Ketino"]
[Black "Kochetkova, Yulia"]
[Result "1-0"]
[WhiteElo "2418"]
[BlackElo "2311"]
[EventDate "2005.06.10"]
[PlyCount "93"]

1.d4 Nf6 2.c4 e6 3.g3 d5 4.Nf3 dxc4 5.Bg2 Nc6 6.O-O a6 7.e3 Bd7 8.Qe2 b5 
9.e4 Be7 10.Rd1 Nb4 11.Ne5 O-O 12.a3 Nc6 13.Be3 Qe8 14.Nc3 Na5 15.h4 Nb3 
16.Rab1 c5 17.dxc5 Nxc5 18.g4 Nd3 19.Nxd3 cxd3 20.Rxd3 Bc6 21.e5 Nd5 22.
Nxd5 Bxd5 23.Bxd5 exd5 24.g5 Qc6 25.Rbd1 Rad8 26.Qf3 f6 27.gxf6 gxf6 28.
Bh6 Rf7 29.Qg4+ Kh8 30.Rg3 f5 31.Qh5 Qe6 32.Bf4 Rg7 33.Rxg7 Kxg7 34.Kh2 
Kh8 35.Rg1 Bc5 36.Qh6 Qxh6 37.Bxh6 Re8 38.Rg2 Bf8 39.Be3 Be7 40.Bd4 h5 41.
Rg6 Bxh4 42.Rh6+ Kg7 43.Rxh5 Be7 44.Rxf5 Kg6 45.Rf3 Bd8 46.Kg3 Bc7 47.Rf6+
1-0

[Event "6th EUR-ch (w)"]
[Site "Chisinau MDA"]
[Date "2005.06.13"]
[Round "3"]
[White "Sebag, Marie"]
[Black "Voicu, Carmen"]
[Result "1/2-1/2"]
[WhiteElo "2417"]
[BlackElo "2310"]
[EventDate "2005.06.10"]
[PlyCount "127"]

1.e4 c5 2.c3 d5 3.exd5 Qxd5 4.d4 e6 5.Nf3 Nf6 6.Be2 Nc6 7.O-O Be7 8.c4 Qf5
9.Nc3 cxd4 10.Nb5 O-O 11.Nbxd4 Nxd4 12.Nxd4 Qa5 13.Qc2 Rd8 14.Be3 Bd7 15.
Bf3 Qc7 16.Rac1 Rac8 17.Qb3 b6 18.h3 Bc5 19.Rfe1 Qb8 20.Nc2 h6 21.Nb4 Bxb4
22.Qxb4 Bc6 23.Bxc6 Rxc6 24.Rcd1 Rxd1 25.Rxd1 Qc7 26.b3 Ne4 27.f3 Ng3 28.
Bf2 f5 29.Rd3 Ne2+ 30.Kf1 Nf4 31.Rd1 e5 32.Qd2 Qf7 33.Bg3 Ng6 34.Qd7 Rc7 
35.Qxf7+ Kxf7 36.Rd6 f4 37.Bf2 Ne7 38.Ke2 Nf5 39.Rd5 Ke6 40.a4 Nd6 41.Kd3 
Rc6 42.a5 g5 43.g4 Nb7 44.a6 Nd6 45.Ke2 Rc7 46.Be1 e4 47.Rd4 e3 48.Bb4 Rd7
49.c5 bxc5 50.Bxc5 Nb5 51.Rxd7 Kxd7 52.Kd3 Kc6 53.Bf8 Kd5 54.Bg7 Ke6 55.
Bf8 Kd5 56.Bg7 Ke6 57.b4 Kf7 58.Bxh6 Kg6 59.Bf8 Nc7 60.b5 Nxb5 61.Bc5 Nc7 
62.Bxa7 Nxa6 63.Kc4 Nc7 64.Bb6 1/2-1/2

[Event "6th EUR-ch (w)"]
[Site "Chisinau MDA"]
[Date "2005.06.13"]
[Round "3"]
[White "Gvetadze, Sopio"]
[Black "Kononenko, Tatiana"]
[Result "0-1"]
[WhiteElo "2283"]
[BlackElo "2416"]
[EventDate "2005.06.10"]
[PlyCount "74"]

1.e4 e6 2.d3 d5 3.Nd2 Nf6 4.g3 dxe4 5.dxe4 Bc5 6.Bg2 e5 7.Ngf3 Nc6 8.O-O 
O-O 9.Qe2 b6 10.Nb3 Bd6 11.Rd1 a5 12.c3 a4 13.Nbd2 Ba6 14.c4 Qe8 15.Nf1 
Bc5 16.Bg5 Ng4 17.Be3 Nxe3 18.Nxe3 Bxe3 19.fxe3 Na5 20.Rac1 Qe6 21.Bf1 Nb7
22.Rd5 f6 23.Qc2 Nc5 24.b4 axb3 25.axb3 Qg4 26.Bg2 Bb7 27.b4 Bxd5 28.cxd5 
Nb7 29.h3 Qxg3 30.Qxc7 Nc5 31.Rf1 Ra2 32.Ne1 Qxe3+ 33.Kh1 Nxe4 34.Kh2 Nd2 
35.Rg1 Qf4+ 36.Kh1 Ne4 37.Bxe4 Qh2# 0-1

[Event "6th EUR-ch (w)"]
[Site "Chisinau MDA"]
[Date "2005.06.13"]
[Round "3"]
[White "Danielian, Elina"]
[Black "Ovod, Evgenia"]
[Result "1/2-1/2"]
[WhiteElo "2415"]
[BlackElo "2305"]
[EventDate "2005.06.10"]
[PlyCount "74"]

1.Nf3 c5 2.g3 b6 3.Bg2 Bb7 4.c4 Nf6 5.O-O e6 6.Nc3 Be7 7.b3 d6 8.Bb2 O-O 
9.d4 cxd4 10.Nxd4 Bxg2 11.Kxg2 a6 12.e3 Ra7 13.f4 d5 14.cxd5 Nxd5 15.Nxd5 
Qxd5+ 16.Qf3 Qxf3+ 17.Kxf3 Rc7 18.Rac1 Rfc8 19.Rxc7 Rxc7 20.Rd1 Kf8 21.g4 
Nd7 22.Ne2 Bf6 23.Bxf6 Nxf6 24.Rd8+ Ke7 25.Ra8 a5 26.Nd4 Nd7 27.h4 g6 28.
Nb5 Rc2 29.a3 e5 30.Ra7 Rc5 31.a4 exf4 32.exf4 h5 33.g5 Rc1 34.Nd4 Kd6 35.
Nb5+ Ke7 36.Nd4 Kd6 37.Nb5+ Ke7 1/2-1/2

[Event "6th EUR-ch (w)"]
[Site "Chisinau MDA"]
[Date "2005.06.13"]
[Round "3"]
[White "Jackova, Jana"]
[Black "Kursova, Maria"]
[Result "0-1"]
[WhiteElo "2406"]
[BlackElo "2300"]
[EventDate "2005.06.10"]
[PlyCount "128"]

1.e4 c5 2.Nf3 e6 3.b3 b6 4.d4 cxd4 5.Nxd4 Bb7 6.Nb5 Bxe4 7.N1c3 Bb7 8.Bf4 
Na6 9.Bd6 Nf6 10.Qd4 Be7 11.Bxe7 Kxe7 12.Qd6+ Ke8 13.Qg3 Qb8 14.Qxb8+ Rxb8
15.Nd6+ Ke7 16.O-O-O Nc7 17.Nxb7 Rxb7 18.Be2 d5 19.Rhe1 b5 20.a3 a6 21.Kb2
Rc8 22.f4 Ne4 23.f5 Nxc3 24.Kxc3 e5 25.Kb2 f6 26.c3 Rb6 27.Rd3 Rd6 28.g4 
Rcd8 29.Rc1 Na8 30.h4 Nb6 31.g5 Nd7 32.Rg3 Nc5 33.Rg4 R8d7 34.Rc2 Rc7 35.
h5 fxg5 36.Rxg5 Kf6 37.Rg1 Ne4 38.Bd3 Ng5 39.h6 gxh6 40.Rh2 Nf7 41.Bb1 Rc8
42.Rg4 Rdd8 43.Rhg2 h5 44.Rh4 Rg8 45.Rd2 Rg3 46.Rxh5 Rcxc3 47.Bc2 d4 48.
Rxh7 Rh3 49.Rxh3 Rxh3 50.Be4 Nd6 51.Bc6 Rg3 52.Rh2 Nxf5 53.Bb7 a5 54.Rc2 
Nd6 55.Ba8 e4 56.Rc5 Rg2+ 57.Kc1 Rg8 58.Bc6 b4 59.axb4 axb4 60.Rd5 Ke6 61.
Kd1 Rc8 62.Rc5 Kf6 63.Rc2 d3 64.Rc5 e3 0-1

[Event "6th EUR-ch (w)"]
[Site "Chisinau MDA"]
[Date "2005.06.13"]
[Round "3"]
[White "Dragomirescu, Angela"]
[Black "Dembo, Yelena"]
[Result "0-1"]
[WhiteElo "2241"]
[BlackElo "2402"]
[EventDate "2005.06.10"]
[PlyCount "68"]

1.d4 Nf6 2.c4 g6 3.Nc3 Bg7 4.e4 d6 5.Nf3 O-O 6.Be3 Ng4 7.Bg5 h6 8.Bh4 c5 
9.d5 Nd7 10.Qd2 Ngf6 11.h3 b5 12.cxb5 a6 13.bxa6 Qb6 14.Be2 Bxa6 15.O-O 
Bxe2 16.Qxe2 Rfb8 17.e5 dxe5 18.b3 Re8 19.Rad1 Nh5 20.Nd2 Qb4 21.Qc4 Nb6 
22.Qxb4 cxb4 23.Nb5 Nxd5 24.Nc4 e6 25.Rd2 Reb8 26.Nbd6 Ra6 27.Re1 Rba8 28.
f3 f6 29.Ra1 f5 30.Re1 Rxa2 31.Rxa2 Rxa2 32.Nxe5 Nhf4 33.Bf2 Bxe5 34.Rxe5 
Rxf2 0-1

[Event "6th EUR-ch (w)"]
[Site "Chisinau MDA"]
[Date "2005.06.13"]
[Round "3"]
[White "Zayats, Elena"]
[Black "Hryhorenko, Natalia"]
[Result "1-0"]
[WhiteElo "2398"]
[BlackElo "2294"]
[EventDate "2005.06.10"]
[PlyCount "107"]

1.d4 d5 2.Bf4 Nf6 3.e3 Bf5 4.c4 Bxb1 5.Rxb1 c6 6.a3 e6 7.Nf3 Nbd7 8.h3 Ne4
9.Bd3 Be7 10.O-O f5 11.Qb3 Qc8 12.Qc2 O-O 13.Ne1 Bd8 14.f3 Nef6 15.g4 g6 
16.Qh2 Rf7 17.Rc1 Nf8 18.Qd2 Bc7 19.Ng2 Bxf4 20.Nxf4 Qd8 21.cxd5 Nxd5 22.
Ng2 Nb6 23.Bb1 Rd7 24.Qe1 Qf6 25.Qg3 Kh8 26.Kh2 Re8 27.Rf2 e5 28.dxe5 Qxe5
29.Qxe5+ Rxe5 30.gxf5 gxf5 31.f4 Rb5 32.Nh4 Rf7 33.Rg1 Rf6 34.Nf3 Ng6 35.
Nd4 Rd5 36.Ba2 Rd8 37.Rg5 Ne7 38.Ne6 Re8 39.Nc5 Nbd5 40.Nxb7 Nxe3 41.Nc5 
N7d5 42.Nd7 Rg6 43.Rxg6 hxg6 44.Ne5 Kg7 45.Nxc6 a6 46.Kg3 Nf6 47.Kf3 Ned5 
48.Bxd5 Nxd5 49.Ne5 Rb8 50.b4 Rc8 51.Rd2 Nb6 52.Rd6 Nc4 53.Rxg6+ Kh7 54.
Rxa6 1-0

[Event "6th EUR-ch (w)"]
[Site "Chisinau MDA"]
[Date "2005.06.13"]
[Round "3"]
[White "Dolzhikova, Kateryna"]
[Black "Lomineishvili, Maia"]
[Result "0-1"]
[WhiteElo "2232"]
[BlackElo "2396"]
[EventDate "2005.06.10"]
[PlyCount "60"]

1.e4 c5 2.Nf3 Nc6 3.d4 cxd4 4.Nxd4 Nf6 5.Nc3 d6 6.Bg5 e6 7.Qd2 a6 8.O-O-O 
Nxd4 9.Qxd4 Be7 10.f4 b5 11.Be2 Bb7 12.Bf3 Rc8 13.Bxf6 gxf6 14.f5 Rc5 15.
Rhe1 O-O 16.Bg4 Re5 17.Re3 Kh8 18.Rh3 Rg8 19.Rh4 Rg7 20.Rd3 Qg8 21.Bh3 Qa8
22.Re3 Qc8 23.Ne2 d5 24.Rc3 Qd8 25.Qa7 b4 26.Rg3 Rxg3 27.Nxg3 Qc8 28.exd5 
Bc5 29.fxe6 Bxa7 30.e7 Qc5 0-1

[Event "6th EUR-ch (w)"]
[Site "Chisinau MDA"]
[Date "2005.06.13"]
[Round "3"]
[White "Vasylevich, Tatiana"]
[Black "Sharevich, Anna"]
[Result "1-0"]
[WhiteElo "2395"]
[BlackElo "2278"]
[EventDate "2005.06.10"]
[PlyCount "125"]

1.d4 d5 2.Nf3 Nf6 3.g3 c6 4.Bg2 Bf5 5.O-O Nbd7 6.c4 e6 7.cxd5 exd5 8.Nc3 
h6 9.Ne5 Bd6 10.f4 O-O 11.a3 Nb6 12.Kh1 Ne4 13.Nxe4 Bxe4 14.Bxe4 dxe4 15.
Qb3 Bxe5 16.dxe5 Qd5 17.Qc2 Rad8 18.b3 Qd4 19.Bb2 Qd2 20.Rac1 Qxc2 21.Rxc2
Rd5 22.Kg1 Rfd8 23.Kf2 Rd2 24.Rfc1 Rd1 25.Ke3 Kf8 26.Rxd1 Rxd1 27.Kxe4 Rh1
28.e3 Nd5 29.Bd4 a6 30.Kd3 Nc7 31.Bb6 Nd5 32.Bc5+ Ke8 33.e4 Nc7 34.Bb6 Ne6
35.Be3 Rb1 36.Kc4 Re1 37.Rc3 Kd7 38.h4 b5+ 39.Kd3 h5 40.f5 Nd8 41.b4 Nb7 
42.Kd2 Ra1 43.Rd3+ Ke7 44.Bd4 Ra2+ 45.Ke3 a5 46.e6 c5 47.bxc5 Rc2 48.Rc3 
Rxc3+ 49.Bxc3 fxe6 50.Kd4 Nd8 51.Ke3 Nc6 52.Bxg7 e5 53.Kd3 Kf7 54.Bh6 Kf6 
55.Bg5+ Kf7 56.Bc1 Ke7 57.a4 bxa4 58.Kc4 Nd4 59.Bb2 Nc2 60.Bxe5 Na3+ 61.
Kd3 Nb5 62.Ba1 Kd7 63.e5 1-0

[Event "6th EUR-ch (w)"]
[Site "Chisinau MDA"]
[Date "2005.06.13"]
[Round "3"]
[White "Repkova, Eva"]
[Black "Tsereteli, Tamara"]
[Result "0-1"]
[WhiteElo "2392"]
[BlackElo "2273"]
[EventDate "2005.06.10"]
[PlyCount "94"]

1.e4 c5 2.Nf3 Nc6 3.d4 cxd4 4.Nxd4 Nf6 5.Nc3 e5 6.Ndb5 d6 7.Nd5 Nxd5 8.
exd5 Nb8 9.c4 Be7 10.Bd3 O-O 11.O-O a6 12.Nc3 Nd7 13.Kh1 f5 14.f3 Bg5 15.
b4 b6 16.Qc2 g6 17.Na4 Bb7 18.Bxg5 Qxg5 19.Qf2 e4 20.f4 Qe7 21.Qe3 a5 22.
Bc2 axb4 23.Qb3 Rfc8 24.Qxb4 Bxd5 25.Bb3 Bf7 26.Rfd1 Rc6 27.Nc3 Qf6 28.c5 
dxc5 29.Bxf7+ Qxf7 30.Qb5 Rac8 31.Nd5 Rd6 32.Qc4 Kf8 33.Rab1 Rd8 34.Nxb6 
Nxb6 35.Qxc5 Qe7 36.Re1 Nd5 37.g3 e3 38.Kg1 Re6 39.Qd4 Nf6 40.Qc4 Kg7 41.
a4 e2 42.a5 Ng4 43.Qc3+ Kh6 44.Kg2 Rd1 45.Rc1 Re3 46.Qc6 Rxc1 47.Qxc1 Qe4+
0-1

[Event "6th EUR-ch (w)"]
[Site "Chisinau MDA"]
[Date "2005.06.13"]
[Round "3"]
[White "Vajda, Szidonia"]
[Black "Tarasova, Viktoria"]
[Result "1-0"]
[WhiteElo "2391"]
[BlackElo "2268"]
[EventDate "2005.06.10"]
[PlyCount "77"]

1.e4 d6 2.d4 Nf6 3.Nc3 g6 4.Nf3 Bg7 5.Be2 O-O 6.O-O Nc6 7.d5 Nb8 8.Bg5 h6 
9.Be3 e5 10.dxe6 Bxe6 11.Nd4 Bd7 12.Qd2 Kh7 13.h3 Nc6 14.f4 Nxd4 15.Bxd4 
Bc6 16.Bf3 Qd7 17.Rad1 Rad8 18.Qf2 Qc8 19.Rfe1 a6 20.e5 Ng8 21.Bxc6 bxc6 
22.Ne4 d5 23.Nc5 Rfe8 24.Rd3 h5 25.Ra3 Bf8 26.b4 Qf5 27.Rxa6 Ra8 28.Rxa8 
Rxa8 29.c3 Bh6 30.e6 fxe6 31.Nxe6 Nf6 32.Qh4 Ne4 33.Qe7+ Kg8 34.Ng5 Nxg5 
35.fxg5 Bf8 36.Qxc7 Rxa2 37.Rf1 Qe6 38.Qb8 Qd6 39.Qe8 1-0

[Event "6th EUR-ch (w)"]
[Site "Chisinau MDA"]
[Date "2005.06.13"]
[Round "3"]
[White "Collas, Silvia"]
[Black "Gheorghe, Corina"]
[Result "1/2-1/2"]
[WhiteElo "2381"]
[BlackElo "2234"]
[EventDate "2005.06.10"]
[PlyCount "76"]

1.Nf3 d5 2.d4 Nf6 3.c4 dxc4 4.e3 e6 5.Bxc4 a6 6.O-O c5 7.a4 Nc6 8.Nc3 Be7 
9.b3 cxd4 10.exd4 O-O 11.Bb2 Nb4 12.Ne5 b6 13.Qf3 Ra7 14.Rad1 Bb7 15.Qg3 
Nfd5 16.Ne2 Bd6 17.Qh3 Nc7 18.Nf4 Bd5 19.Nxd5 Ncxd5 20.Rfe1 Rc7 21.Re4 Be7
22.Qg3 Bd6 23.Qf3 Qf6 24.Qe2 a5 25.h4 Qe7 26.Nd3 Nf6 27.Re3 Nfd5 28.Rf3 
Qxh4 29.Rh3 Qf6 30.g3 Rfc8 31.Ne5 Bxe5 32.dxe5 Qg6 33.Rh4 Rd8 34.Rc1 Na2 
35.Re1 Nab4 36.Rc1 Na2 37.Rf1 Nab4 38.Rc1 Na2 1/2-1/2

[Event "6th EUR-ch (w)"]
[Site "Chisinau MDA"]
[Date "2005.06.13"]
[Round "3"]
[White "Pokorna, Regina"]
[Black "Lupik, Marina"]
[Result "1-0"]
[WhiteElo "2374"]
[BlackElo "2123"]
[EventDate "2005.06.10"]
[PlyCount "81"]

1.e4 c5 2.Nf3 d6 3.d4 cxd4 4.Nxd4 Nf6 5.Nc3 a6 6.Bc4 e6 7.Bb3 b5 8.O-O Be7
9.Qf3 Qc7 10.Re1 O-O 11.Bg5 Nbd7 12.Rad1 Nc5 13.Qg3 Bb7 14.Bh6 Ne8 15.a3 
Kh8 16.Bg5 Bxg5 17.Qxg5 Nf6 18.Qh4 Nxb3 19.cxb3 d5 20.exd5 Nxd5 21.Ne4 Qf4
22.Qxf4 Nxf4 23.g3 Ng6 24.Nc5 Bd5 25.Nd7 Rfd8 26.Nb6 Rab8 27.Nxd5 Rxd5 28.
Nc6 Rxd1 29.Rxd1 Rc8 30.Rd6 h5 31.b4 Rc7 32.Kf1 Kh7 33.h4 Kh6 34.Ke2 Nf8 
35.Nd4 Ra7 36.Nb3 Nd7 37.Nc5 Nb8 38.Rb6 Ra8 39.Ke3 Kg6 40.Ke4 Kf6 41.Rxb8 
1-0

[Event "6th EUR-ch (w)"]
[Site "Chisinau MDA"]
[Date "2005.06.13"]
[Round "3"]
[White "Charochkina, Daria"]
[Black "Dzagnidze, Nana"]
[Result "0-1"]
[WhiteElo "2183"]
[BlackElo "2482"]
[EventDate "2005.06.10"]
[PlyCount "118"]

1.e4 c5 2.Nf3 d6 3.c3 Nf6 4.Be2 Bg4 5.O-O e6 6.e5 dxe5 7.Nxe5 Bxe2 8.Qxe2 
Be7 9.d3 Nbd7 10.Nf3 O-O 11.a4 Nb6 12.Nbd2 Qc7 13.a5 Nbd5 14.Nc4 Rfd8 15.
Nfe5 b5 16.axb6 axb6 17.Bd2 Ne8 18.Na3 Bf6 19.Nf3 Nd6 20.c4 Bxb2 21.cxd5 
exd5 22.Bg5 Bxa3 23.Bxd8 Qxd8 24.Qe5 d4 25.Rfb1 Ra5 26.Qd5 Bb4 27.Ne5 Qc7 
28.Nc4 Nb7 29.Nxa5 bxa5 30.Rc1 Qe7 31.Ra2 g6 32.Kf1 Nd8 33.Re2 Ne6 34.Qc6 
Qg5 35.Rcc2 Kg7 36.g3 Qf5 37.Qe4 Qxe4 38.Rxe4 a4 39.Ra2 a3 40.Ke2 Nc7 41.
Kf3 Kf8 42.Ree2 Nb5 43.Ke4 Nc3+ 44.Kf3 f6 45.Rec2 Nxa2 46.Rxa2 Ke7 47.Ke4 
Kd6 48.g4 Ke6 49.Ra1 f5+ 50.gxf5+ gxf5+ 51.Kf4 Kd5 52.Kf3 c4 53.Ke2 Kc5 
54.Ra2 Kb5 55.Ra1 Ka4 56.dxc4 Bc3 57.Rc1 a2 58.c5 Kb5 59.Kd3 Kxc5 0-1

[Event "6th EUR-ch (w)"]
[Site "Chisinau MDA"]
[Date "2005.06.13"]
[Round "3"]
[White "Gaponenko, Inna"]
[Black "Galoian, Lilit"]
[Result "1-0"]
[WhiteElo "2482"]
[BlackElo "2256"]
[EventDate "2005.06.10"]
[PlyCount "89"]

1.e4 c5 2.Nf3 Nc6 3.d4 cxd4 4.Nxd4 e6 5.Nc3 Qc7 6.Be3 a6 7.Qd2 Nf6 8.O-O-O
Bb4 9.f3 Ne5 10.Nb3 b5 11.Qe1 Nc4 12.Bd4 Bd6 13.Bxc4 Bf4+ 14.Nd2 bxc4 15.
g3 Bh6 16.f4 Bb7 17.Qf1 O-O 18.Bxf6 gxf6 19.Qxc4 Qb8 20.Nb3 Rd8 21.Na5 Bf8
22.Rd3 Qc8 23.Qxc8 Bxc8 24.Na4 d6 25.Nc6 Re8 26.Nb6 Bb7 27.Rc3 Bxc6 28.
Rxc6 Ra7 29.Rd1 Rd8 30.c4 a5 31.Nc8 Rad7 32.Kc2 d5 33.exd5 exd5 34.Nb6 Rb7
35.Nxd5 Rdb8 36.b3 a4 37.Rd3 f5 38.Ra6 axb3+ 39.axb3 Bg7 40.c5 Re8 41.c6 
Rb5 42.b4 Kf8 43.Nc7 Rxb4 44.Nxe8 Kxe8 45.Ra8+ 1-0

[Event "6th EUR-ch (w)"]
[Site "Chisinau MDA"]
[Date "2005.06.13"]
[Round "3"]
[White "Peptan, Corina-Isabela"]
[Black "Susterman, Anja"]
[Result "1-0"]
[WhiteElo "2435"]
[BlackElo "2250"]
[EventDate "2005.06.10"]
[PlyCount "85"]

1.e4 c5 2.Nf3 Nc6 3.Bb5 g6 4.O-O Bg7 5.Re1 Nf6 6.e5 Nd5 7.Nc3 Nc7 8.Bxc6 
dxc6 9.Ne4 Ne6 10.d3 O-O 11.Be3 Nd4 12.Nxc5 Nxf3+ 13.Qxf3 Bxe5 14.Bh6 Bg7 
15.Bxg7 Kxg7 16.Qe4 Re8 17.Re3 Qd5 18.Qxd5 cxd5 19.Rae1 b6 20.Nb3 e6 21.
Nd4 Bd7 22.f4 Rac8 23.g4 Kf6 24.Re5 h6 25.h4 Kg7 26.Kf2 a5 27.Kf3 Kf6 28.
h5 gxh5 29.Rxh5 Kg6 30.Reh1 Rh8 31.g5 Rh7 32.Rxh6+ Rxh6 33.Rxh6+ Kg7 34.
Ke3 b5 35.Rh2 b4 36.Nf3 Ba4 37.b3 Bb5 38.Ne5 f6 39.gxf6+ Kxf6 40.Rh6+ Kf5 
41.Nf3 Bd7 42.Nd4+ Kg4 43.Rg6+ 1-0

[Event "6th EUR-ch (w)"]
[Site "Chisinau MDA"]
[Date "2005.06.13"]
[Round "3"]
[White "Makka, Ioulia"]
[Black "Zielinska, Marta"]
[Result "0-1"]
[WhiteElo "2250"]
[BlackElo "2419"]
[EventDate "2005.06.10"]
[PlyCount "82"]

1.e4 e6 2.d4 d5 3.Nc3 Bb4 4.e5 Ne7 5.Bd2 b6 6.Nce2 Bxd2+ 7.Qxd2 Ba6 8.f4 
c5 9.Nf3 Nbc6 10.Ng3 Bxf1 11.Rxf1 Rc8 12.Rf2 Nxd4 13.Nxd4 cxd4 14.Kf1 g6 
15.Ne2 Nf5 16.Nxd4 Nxd4 17.Qxd4 Rc4 18.Qd2 Qh4 19.Kg1 O-O 20.g3 Qh3 21.Re1
Rfc8 22.Qd1 h5 23.Re3 Qf5 24.Rd3 Kg7 25.Kg2 Qe4+ 26.Kg1 h4 27.g4 g5 28.b3 
Rc3 29.fxg5 Rxd3 30.cxd3 Qxe5 31.Qf3 Rc7 32.Kg2 Qxg5 33.Qe2 Kg8 34.Qf3 Qg6
35.Qf4 Rc3 36.Qb8+ Kh7 37.h3 Rxd3 38.Qf8 Qe4+ 39.Kh2 Qe5+ 40.Kg2 Qg3+ 41.
Kf1 Rd1+ 0-1

[Event "6th EUR-ch (w)"]
[Site "Chisinau MDA"]
[Date "2005.06.13"]
[Round "3"]
[White "Laesson, Tuulikki"]
[Black "Foisor, Cristina"]
[Result "0-1"]
[WhiteElo "2246"]
[BlackElo "2406"]
[EventDate "2005.06.10"]
[PlyCount "98"]

1.d4 d5 2.Nf3 c6 3.Bf4 e6 4.c3 f5 5.e3 Nf6 6.Bd3 Be7 7.Nbd2 Nbd7 8.h3 Ne4 
9.Ne5 O-O 10.O-O Nxe5 11.Bxe5 Bd7 12.f3 Nxd2 13.Qxd2 Be8 14.Qc2 Bd6 15.f4 
c5 16.Qf2 Rc8 17.g4 Bg6 18.Qg2 Bxe5 19.fxe5 Qg5 20.Rf4 fxg4 21.Bxg6 Rxf4 
22.exf4 Qxg6 23.hxg4 cxd4 24.f5 Qg5 25.cxd4 Qe3+ 26.Qf2 Qe4 27.fxe6 Qxg4+ 
28.Kh2 Rf8 29.Qg3 Qxe6 30.Rg1 Rf7 31.Qh3 Qc6 32.Rg2 g6 33.Qg4 Qc1 34.e6 
Qh6+ 35.Kg1 Qe3+ 36.Kh2 Rf4 37.Qg5 Qxd4 38.e7 Re4 39.Rd2 Qe5+ 40.Qxe5 Rxe5
41.Rxd5 Rxe7 42.Kg3 Kg7 43.a4 h5 44.b4 Kf6 45.a5 g5 46.Rd6+ Kf5 47.Rd5+ 
Re5 48.Rd7 Rb5 49.Rf7+ Kg6 0-1

[Event "6th EUR-ch (w)"]
[Site "Chisinau MDA"]
[Date "2005.06.13"]
[Round "3"]
[White "Ionica, Iulia-Ionela"]
[Black "Korbut, Ekaterina"]
[Result "0-1"]
[WhiteElo "2245"]
[BlackElo "2399"]
[EventDate "2005.06.10"]
[PlyCount "76"]

1.e4 c5 2.Nf3 Nc6 3.d4 cxd4 4.Nxd4 g6 5.Nc3 Bg7 6.Be3 Nf6 7.Nxc6 bxc6 8.e5
Ng8 9.Bd4 f6 10.f4 Qa5 11.Qd2 c5 12.Be3 Rb8 13.Bc4 fxe5 14.fxe5 Bxe5 15.
O-O Nf6 16.Qe2 Rxb2 17.Nd5 Nxd5 18.Bxd5 Qc3 19.Qf3 Qxe3+ 20.Qxe3 Bd4 21.
Qxd4 cxd4 22.Bb3 d3 23.cxd3 Bb7 24.Rf2 Rxf2 25.Kxf2 Rf8+ 26.Kg1 Rf5 27.Rc1
Bc6 28.Rc2 Kd8 29.Re2 e6 30.Rc2 Ke7 31.Bc4 d5 32.Bb3 Kd6 33.Rc3 Bb5 34.Bd1
d4 35.Ra3 Rc5 36.Be2 a6 37.Rb3 Rc2 38.Kf2 Rxa2 0-1

[Event "6th EUR-ch (w)"]
[Site "Chisinau MDA"]
[Date "2005.06.13"]
[Round "3"]
[White "Czarnota, Dorota"]
[Black "Peng Zhaoqin"]
[Result "1-0"]
[WhiteElo "2244"]
[BlackElo "2392"]
[EventDate "2005.06.10"]
[PlyCount "63"]

1.e4 c5 2.Nf3 e6 3.d4 cxd4 4.Nxd4 Nc6 5.Nc3 Qc7 6.Be2 a6 7.O-O Nf6 8.Be3 
Bb4 9.Na4 Be7 10.Nxc6 bxc6 11.Nb6 Rb8 12.Nxc8 Qxc8 13.Bd4 O-O 14.e5 Nd5 
15.c4 Nf4 16.g3 Nxe2+ 17.Qxe2 a5 18.Rad1 Qa6 19.Bc3 Rb7 20.Rd4 f6 21.Rfd1 
Qa7 22.Rf4 f5 23.Qh5 Rf7 24.g4 g6 25.Qh6 Bf8 26.Qg5 Be7 27.Qh6 Qb8 28.gxf5
gxf5 29.Rf3 Rg7+ 30.Rg3 Rxg3+ 31.hxg3 a4 32.Rxd7 1-0

[Event "6th EUR-ch (w)"]
[Site "Chisinau MDA"]
[Date "2005.06.13"]
[Round "3"]
[White "Hamelink, Desiree"]
[Black "Matnadze, Ana"]
[Result "1/2-1/2"]
[WhiteElo "2244"]
[BlackElo "2376"]
[EventDate "2005.06.10"]
[PlyCount "80"]

1.e4 c5 2.Nf3 d6 3.d4 cxd4 4.Nxd4 Nf6 5.Nc3 Nc6 6.Bg5 Bd7 7.Qd2 Rc8 8.Nxc6
Bxc6 9.f3 Qa5 10.Nb5 Qxd2+ 11.Bxd2 a6 12.Na7 Ra8 13.Nxc6 bxc6 14.O-O-O a5 
15.g4 Nd7 16.Bg2 a4 17.a3 e6 18.Rhe1 Be7 19.f4 e5 20.f5 h6 21.Kb1 Bh4 22.
Re3 Ke7 23.Rd3 Nc5 24.Rc3 Rhc8 25.Be3 Nb7 26.Ka2 c5 27.Bf1 Rc6 28.Bc4 Rb6 
29.Bd5 Rb8 30.b4 axb3+ 31.cxb3 Bg5 32.Rg1 Kf8 33.Bf2 Nd8 34.h4 Bf4 35.Rd3 
Ke7 36.Bc4 Rc6 37.Be1 f6 38.Bd5 Ra6 39.Bc4 Rc6 40.Bf2 Nb7 1/2-1/2